| 000 | 01861nam a2200409 a 4500 | ||
|---|---|---|---|
| 001 | 00003869 | ||
| 003 | DO-SdBNP | ||
| 005 | 20180312110011.0 | ||
| 007 | 000013521 | ||
| 008 | 091117s2014 dr ac 000 0 spa d | ||
| 020 | _a9789945118803 (1) | ||
| 020 | _a9789945118773 (2) | ||
| 020 | _a9789945118742 (3) | ||
| 040 |
_aBPMSU _bspa _cBPMSU |
||
| 082 | 0 | 4 |
_a372.6561 _bI37e 3ro. 2014 |
| 100 | 1 | _aIncháustegui, María Isabel | |
| 245 | 1 | 0 |
_aEspañol 3 : _beducación básica / _cMaría Isabel Incháustegui ; dirección editorial Claudia Llibre ; ilustraciones Ruddy Núñez ... [et.al.]. |
| 260 |
_aSanto Domingo : _bSantillana, _c2014. |
||
| 300 |
_a3v. : _bil., retrs. ; _c28 cm. + _eCD-ROM |
||
| 490 | 1 | _aProyecto todos juntos | |
| 505 | 0 |
_gv. 3 : _gUnidad 1 -- _tMujeres de nuestra historia -- _gUnidad 2 -- _tAprendo a cuidar las plantas -- _gUnidad 3 -- _tJuntos por los valores -- _gUnidad 4 -- _tMotivos de cartas -- _gUnidad 5 -- _t¡Que vivan las noticias! -- _gUnidad 6 -- _tCompartimos en familia -- _gUnidad 7 -- _tAprendo con fábulas -- _gUnidad 8 -- _tMe divierto con historietas -- _gUnidad 9 -- _tUn tesoro que debemos respetar -- _gUnidad 10 -- _tMe gustan los juegos con palabras -- |
|
| 650 | 4 |
_aESPAÑOL _xESTUDIOS Y EJERCICIOS |
|
| 650 | 4 |
_aESPAÑOL _xLIBROS DE TEXTOS |
|
| 650 | 4 |
_aESPAÑOL _xEDUCACIÓN PRIMARIA |
|
| 650 | 4 |
_aESPAÑOL _xENSEÑANZA BÁSICA |
|
| 650 | 4 |
_aESPAÑOL _xEDUCACIÓN PRIMARIA |
|
| 700 | 1 |
_aLlibre, Claudia _eed. |
|
| 700 | 1 |
_aNúñez, Rudy _eil. |
|
| 830 | 0 | _aProyecto todos juntos | |
| 910 | _aValidado. Control de calidad MFF | ||
| 942 |
_2ddc _cBK |
||
| 945 | _aRemanejada para la BNPHU 2018 / BT | ||
| 956 |
_aDGARCIA _b10 _c20150812 _lBND01 _h1025 |
||
| 956 |
_aYLOCKWARD _b10 _c20150812 _lBND01 _h1403 |
||
| 956 |
_aVMATEO _b10 _c20150812 _lBPMSU _h00151 |
||
| 956 |
_aLOPEREZ _b10 _c20160418 _lBPMSU _h00041 |
||
| 999 |
_c9804 _d9804 |
||